000 00973cam a22002414a 4500
001 12370953
005 20180302040713.0
008 010405s2001 dcua b 001 0 eng
010 _a 2001002008
020 _a0309074215 (pbk.)
040 _aDLC
_cDLC
_dDLC
041 _aeng
042 _apcc
080 _a305.23072 lind.
082 0 0 _a305.23072 lind.
_221
100 _a80
101 _a49
245 0 0 _aPreparing for an aging world :
_cPanel on a Research Agenda and New Data for an Aging World, Committee on Population and Committee on National Statistics, Division of Behavioral and Social Sciences and Education, National Research Council.
504 _aIncludes bibliographical references and index.
906 _a7
_bcbc
_corignew
_d1
_eecip
_f20
_gy-gencatlg
942 _2ddc
_cBK
999 _c43949
_d43949